| 000 | 00529nam a22001937a 4500 | ||
|---|---|---|---|
| 003 | CEME | ||
| 005 | 20210628202303.0 | ||
| 008 | 210210b xxu||||| |||| 00| 0 eng d | ||
| 020 | _a0-471-70647-7 | ||
| 040 | _c. | ||
| 082 | _a623.893 TSU | ||
| 100 |
_aTsui , James Bao-Yen _957185 |
||
| 245 | _aFundamentals of global positioning system receivers ,a software approach | ||
| 250 | _a2ND | ||
| 260 |
_aNEW JERSEY _bJOHN WILEY _c2005 |
||
| 300 | _aXVI,352P | ||
| 650 |
_aGLOBAL POSITIONING SYSTEM. _921037 |
||
| 942 |
_cBK _2ddc |
||
| 999 |
_c569200 _d569200 |
||